SPEED TYPING - Statistics

General Stats
  • This quiz has been taken 234 times
  • The average score is 48 of 77
Answer Stats
Hinti Answer % Correct
a a
100%
e e
100%
g g
100%
i i
100%
i i
100%
i i
100%
m m
100%
m m
100%
n n
100%
a a
99%
g g
98%
i i
97%
n n
96%
e e
93%
i i
91%
m m
90%
a a
88%
g g
87%
i i
87%
n n
86%
e e
83%
i i
80%
m m
78%
a a
77%
g g
76%
i i
76%
n n
74%
e e
72%
i i
71%
m m
70%
a a
68%
g g
65%
i i
65%
n n
65%
a a
63%
e e
63%
g g
63%
i i
63%
m m
63%
i i
62%
n n
62%
e e
61%
i i
60%
a a
59%
m m
59%
g g
55%
i i
52%
n n
52%
e e
51%
a a
48%
i i
48%
m m
48%
g g
45%
i i
41%
e e
40%
n n
40%
i i
38%
m m
38%
a a
37%
g g
36%
i i
36%
n n
36%
e e
34%
a a
33%
i i
33%
m m
33%
g g
32%
i i
32%
n n
32%
e e
30%
i i
27%
m m
27%
a a
26%
g g
26%
i i
26%
n n
26%
e e
25%
No matching quizzes found
Score Distribution
Percent of People with Each Score
Percentile by Number Answered
Your Score History
You have not taken this quiz